Railway accidents; (Record no. 68038)

MARC details
000 -LEADER
fixed length control field 00827cam a22002411 4500
001 - CONTROL NUMBER
control field sa 66001873
003 - CONTROL NUMBER IDENTIFIER
control field DLC
005 - DATE AND TIME OF LATEST TRANSACTION
control field 20260227112225.0
008 - FIXED-LENGTH DATA ELEMENTS--GENERAL INFORMATION
fixed length control field 861103s1964 ii 000 0 eng
010 ## - LIBRARY OF CONGRESS CONTROL NUMBER
LC control number sa 66001873
025 ## - OVERSEAS ACQUISITION NUMBER
Overseas acquisition number PL480:I-E-4927
035 ## - SYSTEM CONTROL NUMBER
System control number (OCoLC)14628563
040 ## - CATALOGING SOURCE
Original cataloging agency DLC
Transcribing agency WaU
Modifying agency DLC
042 ## - AUTHENTICATION CODE
Authentication code premarc
050 00 - LIBRARY OF CONGRESS CALL NUMBER
Classification number HE1783.I4
Item number A485
110 1# - MAIN ENTRY--CORPORATE NAME
Corporate name or jurisdiction name as entry element India (Republic).
Subordinate unit Railway Inspectorate.
245 10 - TITLE STATEMENT
Title Railway accidents;
Remainder of title report on accident to no. 14 down Madras-Bombay Janata express at Kosgi (Southern Railway) on 9th November 1961.
260 ## - PUBLICATION, DISTRIBUTION, ETC.
Place of publication, distribution, etc. Delhi,
Name of publisher, distributor, etc. Manager of Publications,
Date of publication, distribution, etc. 1964.
300 ## - PHYSICAL DESCRIPTION
Extent 15 p.
Dimensions 34 cm.
500 ## - GENERAL NOTE
General note Cover title.
650 #0 - SUBJECT ADDED ENTRY--TOPICAL TERM
Topical term or geographic name entry element Railroad accidents
Geographic subdivision India.
740 0# - ADDED ENTRY--UNCONTROLLED RELATED/ANALYTICAL TITLE
Uncontrolled related/analytical title Report on accident to no. 14 down Madras-Bombay Janata express at Kosgi (Southern Railway)

No items available.

Powered by Koha